| 000 | 02265nam a2200349Ia 4500 | ||
|---|---|---|---|
| 008 | 130821s1611 sp a gr lat | ||
| 040 |
_aCo-BoUCM _bspa |
||
| 041 | 0 | _alat | |
| 092 | _aE16N054 | ||
| 100 | 1 |
_aGutiérrez, Juan _dd. 1618 |
|
| 245 | 1 | 0 |
_aPracticarum quaestionum circa leges regias Hispaniae _bsecundae partis Novae Collectionis Regiae liber IIII _cAuthore D. Ioanne Gutierrez |
| 246 | 1 | 3 |
_a[Libro cuarto de las cuestiones prácticas sobre las leyes Reales de España _bsegunda parte de la Nueva Recopilación Real] |
| 260 |
_aMadrid (España) _bApud Ioannem de la Cuesta [Juan de la Cuesta] Expensis haeredum Francisci Lopez, Ioannis à Sarria, et Francisci de Robles [a expensas de los herederos de Francisco López, Juan de Sarria y Francisco de Robles] _c1611 |
||
| 300 |
_a[16], 341, [2] páginas, 1 h. en bl. , [96] páginas _bilustraciones |
||
| 500 | _aDetalles físicos: Encuadernación en pergamino, piel deteriorada en bordes y esquinas. Ejemplar en regular estado de conservación, descuadernado. Conserva guardas delanteras con roturas en los bordes. Portada sencilla, impresa a una sola tinta, c | ||
| 504 | _aIncluye índice. | ||
| 505 | 0 | _aSetenta y tres cuestiones en las que se exponen y sustentan interpretaciones jurídicas de diversas leyes reales de España, relacionadas con diferentes temas. | |
| 506 | _aConsulta en sala. | ||
| 546 | _aTexto en latín, con expresiones en español antiguo. | ||
| 650 |
_aDerecho civil _912711 |
||
| 650 |
_aDerecho civil _zEspaña _xObras anteriores a 1600 _912711 |
||
| 650 |
_aDerecho eclesiástico _zEspaña _xObras anteriores a 1600 _912757 |
||
| 650 |
_aLegislación _zEspaña _ySiglo xvi _97782 |
||
| 650 |
_aLeyes _zCastilla (España) _ySiglo xvi _918459 |
||
| 700 | 1 |
_aCuesta, Juan de la _eimp |
|
| 700 | 1 |
_ade López, Francisco _cherederos de _eed. |
|
| 700 | 1 |
_aRobles, Francisco de. _cherederos de _eed. |
|
| 700 | 1 |
_aSarria, Juan de _cherederos de _eed. |
|
| 856 | 4 | 1 |
_zDisponible en línea _uhttp://books.google.com.co/books?id=YjHxx1VZ1Y4C&printsec=frontcover&dq=Practicarum+quaestionum+circa+leges+regias+Hispaniae+1611&hl=es&sa=X&ei=IUYwT6n0CsOgiQL_9PiHAw&redir_esc=y#v=onepage&q&f=false |
| 942 |
_cLIBRO _a8 _e1 _2DEWEY _h346.946 |
||
| 999 |
_c78864 _d78864 |
||